| 000 | 00773nam a2200217 a 4500 | ||
|---|---|---|---|
| 005 | 20241012064209.0 | ||
| 008 | 991125m19952008mx 000 0 spa u | ||
| 020 | _a968296248X | ||
| 020 | _a9789682962486 (Reimpresión) | ||
| 035 | _aUPN01000035255 | ||
| 049 | _aLTG | ||
| 050 | 4 |
_aLB1573 _bM6.2 1995 LR |
|
| 100 | 1 |
_aChapela, Luz María _932682 |
|
| 245 | 1 | 0 |
_aLibro integrado : _bsegundo grado : recortable / _cLuz María Chapela Mendoza. |
| 260 |
_aMéxico : _bSEP, Comisión Nacional de los Libros de Texto Gratuitos, _c1995 (2008 impr.). |
||
| 300 |
_a23 h. recortables : _bil. col. |
||
| 500 | _aLibro de texto gratuito | ||
| 650 | 7 |
_aEducación primaria _vLibros de texto _2 _914611 |
|
| 650 | 4 |
_aLectura _xEstudio y enseñanza (Elemental) _92805 |
|
| 905 | _aLibro | ||
| 999 |
_c35255 _d35255 |
||